| 000 | 00677nam a22001817a 4500 | ||
|---|---|---|---|
| 999 |
_c1421 _d1421 |
||
| 003 | AR-CdUCM | ||
| 008 | 190227b ||||| |||| 00| 0 spa d | ||
| 040 |
_aMUNICIPALIDAD PROVINCIAL DEL CUSCO _cBIBLIOTECA MUNICIPAL DEL CUSCO |
||
| 082 |
_a918.5 / _bP95 |
||
| 100 |
_aPulgar Vidal, Javier _93609 |
||
| 245 | _aLa reorganización transversal del Perú / | ||
| 260 |
_aLima : _bUAP , _c2006. |
||
| 300 |
_a66 páginas ; _bimágenes. _c22 cm. |
||
| 505 | _aFundamento geográfico -- Fundamento Ecológico -- El fundamento prehistórico y arqueológico -- Fundamento historico.. | ||
| 650 |
_aRacionalización transversal. _95395 |
||
| 942 |
_2ddc _cLIBROS |
||
| 945 |
_awfj _d2019-02-27 |
||